000 00426nam a22001457a 4500
082 _a621.314
_bTAY
_cL-11, P-6
100 _aTaylor, William T
_941386
110 _aCharles Griffin and Company, Ltd London
_941387
245 _aElectricity Supply Transformer Systems and their Operation
260 _aLondon
_c1929
300 _a241p.:
526 _a0
_b0
_c0
_d621_314000000000000_TAY
650 _aMCE
_9379
942 _2ddc
_cBK
999 _c545506
_d545506